| 000 | 00610nam a2200217 a 4500 | ||
|---|---|---|---|
| 005 | 20240411063706.0 | ||
| 008 | 021002s1998 mx r 000 0 spa d | ||
| 020 | _a0131402862 | ||
| 035 | _aUPN01000119878 | ||
| 049 | _aCG | ||
| 050 | 4 |
_aBF311 _bJ3.3 |
|
| 100 | 1 | _aJahnke, John C. | |
| 245 | 1 | 0 |
_aCognition / _bJohn C. Jahnke, Ronald H. Nowaczyk. |
| 260 |
_aEstados Unidos : _bPrentice Hall, _cc1998. |
||
| 300 | _a520 p. | ||
| 650 | 4 |
_aCognición _96446 |
|
| 650 | 2 |
_aPsicología cognoscitiva _96335 |
|
| 650 | 4 |
_aCOGNICION EN ANIMALES _99482 |
|
| 700 | 1 |
_aNowaczyk, Ronald H., _ecoaut. |
|
| 905 | _aLibro | ||
| 999 |
_c92228 _d92228 |
||